Pays dont l'initiale et la dernière lettre sont identiques - Statistiques

Statistiques générales
  • Ce quiz a été pris 289 fois
    50 depuis la dernière actualisation
  • Le résultat moyen est 6 sur 11
Statistiques - réponses
Afrique % Correct
Égypte
74%
Espagne
74%
Angola
69%
Érythrée
67%
Ethiopie
67%
Estonie
62%
Antigua-et-Barbuda
57%
Seychelles
43%
Saint-Christophe-et-Niévès
38%
Saint-Vincent-et-les-Grenadines
38%
États fédérés de Micronésie
12%
Aucun quiz correspondant
Distribution des résultats
% des personnes avec chaque résultat
Percentile par nombre de réponses
Votre historique - résultats
Vous n’avez pas pris ce quiz depuis la dernière actualisation